Tài liệu tuyên truyền bảo vệ nền tảng tư tưởng của Đảng, đấu tranh phản bác các quan điểm sai trái, thù địch trong tình hình mới

Đã lưu trong:
書目詳細資料
主要作者:  Tài liệu tuyên truyền bảo vệ nền tảng tư tưởng của Đảng, đấu tranh phản bác các quan điểm sai trái, thù địch trong tình hình mới
格式: Sách
語言:Undetermined
出版:  Thế giới  2022
主題:
標簽: 添加標簽
沒有標簽, 成為第一個標記此記錄!
Thư viện lưu trữ: Trung tâm Thư viện - Trường Đại học Công nghiệp TP. Hồ Chí Minh
LEADER 00827nam a2200145Ia 4500
001 UIH_08332
008 241002s9999 xx 000 0 und d
082 |a  324.259 
100 |a  Tài liệu tuyên truyền bảo vệ nền tảng tư tưởng của Đảng, đấu tranh phản bác các quan điểm sai trái, thù địch trong tình hình mới 
245 0 |a  Tài liệu tuyên truyền bảo vệ nền tảng tư tưởng của Đảng, đấu tranh phản bác các quan điểm sai trái, thù địch trong tình hình mới 
260 |b  Thế giới 
260 |c  2022 
650 |a Đảng Cộng sản Việt Nam; Khoa học chính trị 
927 |a Sách 
980 |a Trung tâm Thư viện - Trường Đại học Công nghiệp TP. Hồ Chí Minh